000 00347nam a22001457a 4500
008 221109b ||||| |||| 00| 0 eng d
020 _a2740349696356
041 _aeng
080 _28th edition
_a610.73
082 _a610.73 HOO
100 _a8
101 _aINF
245 _aCONCEPTUAL BASES OF PROFESIONAL NURSING
_cHOOD L
942 _2udc
_cBK
999 _c58806
_d58806